Global Trade and Tariff Policy on Rubber and Rubber Products under the WTO Regime: A Preliminary Assessment (Record no. 45068)

MARC details
000 -LEADER
fixed length control field 00407nam a2200121Ia 4500
100 ## - MAIN ENTRY--AUTHOR NAME
Personal name K. Tharian George
245 #0 - TITLE STATEMENT
Title Global Trade and Tariff Policy on Rubber and Rubber Products under the WTO Regime: A Preliminary Assessment
260 ## - PUBLICATION, DISTRIBUTION, ETC. (IMPRINT)
Name of publisher Rubber Research Institute of India
Place of publication Kottayam
Year of publication 2003
700 ## - ADDED ENTRY--PERSONAL NAME
Personal name Joby Joseph
700 ## - ADDED ENTRY--PERSONAL NAME
Personal name Jom Jacob
942 ## - ADDED ENTRY ELEMENTS (KOHA)
Koha item type Publications
Holdings
Withdrawn status Lost status Damaged status Not for loan Collection code Home library Current library Date acquired Accession Number Koha item type
      Publications Working papers RRII Library RRII Library 31/12/2021 BK 32 Publications